A Dictionary of Law
Gespeichert in:
| Format: | Buch |
|---|---|
| Sprache: | Englisch |
| Veröffentlicht: |
New York
Oxford University Press
2015
|
| Ausgabe: | 8th Edition |
| Schriftenreihe: | Oxford Quick Reference
|
| Schlagworte: | |
| Tags: |
Keine Tags, Fügen Sie das erste Tag hinzu!
|
MARC
| LEADER | 00000nam a2200000 4500 | ||
|---|---|---|---|
| 001 | 0247086 | ||
| 005 | 20230109073004.0 | ||
| 020 | |a 978-0-19-966492-4 | ||
| 041 | 0 | |a eng | |
| 044 | |a US | ||
| 245 | 1 | 0 | |a A Dictionary of Law |
| 250 | |a 8th Edition | ||
| 264 | 1 | |a New York |b Oxford University Press |c 2015 | |
| 300 | |a 677 s. | ||
| 490 | 1 | |a Oxford Quick Reference | |
| 830 | 0 | |a Oxford Quick Reference | |
| 610 | 2 | 0 | |a jazykoveda |
| 610 | 2 | 0 | |a terminológia |
| 610 | 2 | 0 | |a právo |
| 610 | 2 | 0 | |a pojmy |
| 610 | 2 | 0 | |a jazyky cudzie |
| 610 | 2 | 0 | |a angličtina |